Insectos perjudiciales a los cultivos de invierno y sus enemigos naturales /
Guardado en:
| Autor Principal: | |
|---|---|
| Formato: | Libro |
| Publicado: |
Buenos Aires :
Inta, s/f
|
| Materias: | |
| Etiquetas: |
Agregar Etiqueta
Sin Etiquetas, Sea el primero en etiquetar este registro!
|
| LEADER | 00679nam a22001935a 4500 | ||
|---|---|---|---|
| 001 | CEM.cems017598 | ||
| 005 | 20110518114732.0 | ||
| 008 | 130507b######################000#0#####d | ||
| 003 | CEMS | ||
| 020 | |a 15147967 | ||
| 082 | 0 | 4 | |a 632.7 |
| 100 | 1 | |a Saini, Esteban Daniel | |
| 245 | 1 | 0 | |a Insectos perjudiciales a los cultivos de invierno y sus enemigos naturales / |c Esteban Daniel Saini |
| 260 | |a Buenos Aires : |b Inta, s/f | ||
| 300 | |a 55 p. | ||
| 505 | 0 | |a Plagas -- Enemigos naturales -- Parasitoides -- Predadores Entomopatógenos | |
| 653 | |a Cereales-insectos perjudiciales | ||
| 653 | |a Cereales-enemigos naturales | ||
| 859 | |a CEMS |b BIB. CEMS - Agricultura |h 632.7 |i Sa218-3 |p A1385.11 |t Ej.1 | ||
